Thalassocracies - Statistics

General Stats
  • This quiz has been taken 35 times
  • The average score is 7 of 10
Answer Stats
Capital Thalassocracy % Correct
The Hague / Amsterdam Dutch Empire
97%
Lisbon Portuguese Empire
97%
London British Empire
94%
Carthage Carthaginian Empire
84%
Venice Republic of Venice
81%
Rustaq / Muscat / Zanzibar Omani Empire
77%
Genoa Republic of Genoa
74%
Bandar Seri Begawan Bruneian Empire
61%
Lübeck Hanseatic League
48%
Athens Delian League
26%
No matching quizzes found
Score Distribution
Percent of People with Each Score
Percentile by Number Answered
Your Score History
You have not taken this quiz